Social insurance and economic security/ (Record no. 9111)

MARC details
000 -LEADER
fixed length control field 00489nam a22001937a 4500
003 - CONTROL NUMBER IDENTIFIER
control field OSt
005 - DATE AND TIME OF LATEST TRANSACTION
control field 20240709120801.0
008 - FIXED-LENGTH DATA ELEMENTS--GENERAL INFORMATION
fixed length control field 240709b |||||||| |||| 00| 0 eng d
020 ## - INTERNATIONAL STANDARD BOOK NUMBER
International Standard Book Number 0130204412
040 ## - CATALOGING SOURCE
Transcribing agency MUST
082 ## - DEWEY DECIMAL CLASSIFICATION NUMBER
Classification number 368.4 REJ 1999
100 ## - MAIN ENTRY--PERSONAL NAME
Personal name Relda, George E
9 (RLIN) 18546
245 ## - TITLE STATEMENT
Title Social insurance and economic security/
Statement of responsibility, etc. George E. Rejda
250 ## - EDITION STATEMENT
Edition statement 2nd
300 ## - PHYSICAL DESCRIPTION
Extent xii,399p.
Other physical details ill.
Dimensions 25cm
504 ## - BIBLIOGRAPHY, ETC. NOTE
Bibliography, etc indexes included
650 ## - SUBJECT ADDED ENTRY--TOPICAL TERM
Source of heading or term economics
942 ## - ADDED ENTRY ELEMENTS (KOHA)
Source of classification or shelving scheme Dewey Decimal Classification
Koha item type Open Shelf
Holdings
Withdrawn status Lost status Source of classification or shelving scheme Damaged status Not for loan Home library Current library Date acquired Source of acquisition Inventory number Total Checkouts Full call number Barcode Date last seen Price effective from Koha item type
    Dewey Decimal Classification     MUST Main Library MUST Main Library 09/07/2024 Purchase 05/24253   368.4 REJ 1999 2024-21864 09/07/2024 09/07/2024 Open Shelf